[Event "ISEM GM URLA-CESMEALTI 2017"]
[Site "URLA"]
[Date "2017.03.11"]
[Round "7"]
[White "Khamrakulov, Djurabek"]
[Black "Erdogdu, Mert"]
[Result "1-0"]
[WhiteElo "2437"]
[BlackElo "2456"]
[Annotator "TA"]
[PlyCount "97"]
[EventDate "2017.??.??"]
[EventType "schev"]
[EventCountry "TUR"]
[SourceTitle "playchess.com"]
[Source "ChessBase"]
[SourceQuality "1"]

{[%evp 16,97,21,21,37,39,31,15,52,41,58,0,66,70,123,122,137,134,175,141,180,66,58,70,181,177,181,177,177,179,175,174,174,169,180,175,179,174,237,235,243,234,229,227,284,307,304,296,286,294,307,295,297,289,288,280,307,302,338,338,308,307,386,386,364,381,466,310,566,575,483,441,2909,1232,6600,6582,6674,6655,6446,5042,4610,1638,1339,1149]} 1. e4 c5 2. c3 d5 3. exd5 Qxd5 4. d4 Nf6 5. Nf3 Nc6 6. dxc5 Qxd1+ 7. Kxd1 e5 8. b4 Bf5 9. Bb5 {LiveBook: 11 Games} Nd5 {B22: Sicilian: 2 c3} (9... O-O-O+ 10. Ke2 Nd5 11. Bd2 Bg4 12. h3 Bxf3+ 13. Kxf3 Ndxb4 14. cxb4 Nd4+ 15. Ke4 Nxb5 16. Be3 g6 17. g4 {0-1 (32) Chizhikov,V (2209)-Goganov,A (2603) St Petersburg 2015}) 10. Bd2 f6 11. Na3 O-O-O {Hoping for ...Nxc3+.The position is equal.} 12. Kc1 $1 g5 13. Rd1 $146 (13. Nc2 $14) (13. Nc2 g4 14. Nh4 Be6 15. Bc4 Kb8 {1-0 (34) Fediashin,S-Minakov,Y Russia 1991}) 13... h5 (13... a5 $11) 14. Nc4 $36 {[%mdl 2048] White is pushing.} g4 (14... Be6 $14) 15. Nh4 $1 $16 {[%cal Rh4f5]} Bh7 16. Ba4 e4 17. Bb3 Be7 18. Nd6+ (18. Ne3 $18 Nf4 19. Nef5 Nd3+ 20. Kc2) 18... Bxd6 $14 19. cxd6 Rxd6 {[#]} ({Black should play} 19... e3 $1 $14 20. Bxd5 exd2+ 21. Rxd2 Rxd6) 20. Bf4 $1 $18 {[%cal Rf4d6][%mdl 512]} Nxf4 21. Rxd6 Rf8 22. g3 $1 {[%cal Rg3f4]} Nd3+ 23. Kd2 Kc7 24. Rd5 f5 25. Rxd3 exd3 26. Re1 {Strongly threatening b5.} ({Stronger than} 26. Kxd3 f4+ 27. Ke2 Ne5 $11) 26... f4 (26... b5 {is a better defense.}) 27. b5 fxg3 28. fxg3 Rf2+ {[#]} 29. Kd1 $1 d2 30. Re3 Rxh2 31. bxc6 Kxc6 32. Re6+ Kd7 33. Re5 Bb1 34. Rxh5 Rh3 35. Rd5+ Kc6 36. Nf5 ({Don't take} 36. Rxd2 Rxg3 37. Rd4 Rxc3 38. Rxg4 b5 $18) 36... Bxf5 37. Rxf5 Rxg3 38. Kxd2 {[%mdl 4096] Endgame KRB-KR} b5 39. Bd1 Rg2+ {[#]} 40. Be2 $1 a5 41. Rf4 Rg1 $2 (41... g3 42. Ke3 Rg1) 42. Rxg4 {White is clearly winning.} Ra1 43. Rg6+ Kc7 (43... Kd5 $142 44. Bxb5 Rxa2+ 45. Kd3 Ra1) 44. Bxb5 Rxa2+ 45. Kd3 a4 46. Ra6 a3 47. Bc4 Ra1 48. Kc2 Kb7 49. Kb3 1-0

[Event "ISEM GM URLA-CESMEALTI 2017"]
[Site "URLA"]
[Date "2017.03.11"]
[Round "7"]
[White "Bagaturov, Giorgi"]
[Black "Yilmazyerli, Mert"]
[Result "1/2-1/2"]
[WhiteElo "2428"]
[BlackElo "2452"]
[Annotator "TA"]
[PlyCount "23"]
[EventDate "2017.??.??"]
[EventType "schev"]
[EventCountry "TUR"]
[SourceTitle "playchess.com"]
[Source "ChessBase"]
[SourceQuality "1"]

{[%evp 18,23,-29,-40,-18,-34,-8,-5]} 1. d4 d5 2. Nf3 Nf6 3. c4 c5 4. dxc5 e6 5. e3 Bxc5 6. a3 O-O 7. b4 Be7 8. Bb2 dxc4 9. Bxc4 Qxd1+ 10. Kxd1 b6 {D26: Queen's Gambit Accepted: 4 e3 e6 5 Bxc5 c5 sidelines} (10... Nbd7 11. Ke2 Nb6 12. Bd3 Bd7 13. Nbd2 Na4 14. Bd4 Nd5 15. Rhc1 Rfc8 16. Nb3 {½-½ (16) Grigoriants,S (2530)-Abdel Razik,K (2410) Ismailia 2004}) 11. Ke2 $146 (11. Nc3 Bb7 12. Ke2 Rc8 13. Bd3 Nbd7 14. Rhd1 a5 15. Bb5 axb4 16. axb4 Rxa1 17. Rxa1 Nb8 18. Rb1 {½-½ (26) Langeweg,K (2360)-Dekker,K Eindhoven 1988}) 11... Bb7 12. Nbd2 1/2-1/2